000
00303pam a2200121 a 4500
020
_a
0-7494-2023-5
_c
041
_h
082
_a
658.562
_b
JAC/ASH
100
_a
JACKSON P.,ASHTON D.,
245
_a
ACHIEVING BS EN ISO 9000
_h
Textual Documents
260
_a
LONDON
_b
KOGAN PAGE LTD
_c
1996
930
_a
8042
999
_c
127498
_d
127498